000
00220nmm a2200085Ia 4500
008
220120s9999||||xx |||||||||||||||||und||
100
_a
Embedded For You
245
0
_a
Embedded for you
260
_a
Embedded for you
_b
New delhi
999
_c
139937
_d
139937